Größte Länder des spanischen Kolonialreiches - Statistiken

Allgemein
  • Dieses Quiz wurde 521 mal gespielt
  • Das Durchschnittsergebnis liegt bei 11 aus 14
Antwortstatistiken
% km2 Land % Korrekt
100 2.000.000 Mexiko
95%
50 1.400.000 Argentinien
94%
100 1.110.000 Kolumbien
91%
100 1.300.000 Peru
90%
100 920.000 Venezuela
90%
70 530.000 Chile
89%
50 4.800.000 Vereinigte Staaten
85%
100 1.100.000 Bolivien
84%
100 406.000 Paraguay
81%
100 176.000 Uruguay
79%
100 277.000 Ecuador
77%
100 506.000 Spanien
74%
37 266.000 Marokko (Westsahara)
55%
100 300.000 Philippinen
42%
Keine übereinstimmenden Quizze gefunden
Verteilung der Resultate
Anzahl Personen mit jedem Resultat
Perzentil nach korrekt beantworteten Fragen
Ihre Resultats-Entwicklung
Sie haben dieses Quiz noch nicht gespielt